Los mercados de trabajo agrarios en la Argentina (Registro nro. 34716)
[ vista simple ]
| 000 -LEADER | |
|---|---|
| fixed length control field | 00366 a2200121 4500 |
| 001 - CONTROL NUMBER | |
| control field | ART_44975 |
| 005 - DATE AND TIME OF LATEST TRANSACTION | |
| control field | 20260410162039.0 |
| 008 - FIXED-LENGTH DATA ELEMENTS--GENERAL INFORMATION | |
| fixed length control field | 260409a |
| 100 1# - MAIN ENTRY--PERSONAL NAME | |
| Personal name | Benencia, Roberto |
| 245 10 - TITLE STATEMENT | |
| Title | Los mercados de trabajo agrarios en la Argentina |
| 700 1# - ADDED ENTRY--PERSONAL NAME | |
| Personal name | Quaranta, Germán |
| 773 0# - HOST ITEM ENTRY | |
| Title | Estudios del trabajo |
| Related parts | - N° 32 (jul./dic. 2006) |
| Record control number | REV44896 |
No hay ítems disponibles.